Normal view
MARC view
- HYDRAULIC FLUID MECHANICS
Entry Topical Term
001 - CONTROL NUMBER
- control field: 62832
003 - CONTROL NUMBER IDENTIFIER
- control field: NUST
005 - DATE AND TIME OF LATEST TRANSACTION
- control field: 20210628203015.0
008 - FIXED-LENGTH DATA ELEMENTS
- fixed length control field: 210628|| aca||aabn | a|a d
040 ## - CATALOGING SOURCE
- Original cataloging agency: NUST
- Transcribing agency: NUST
150 ## - HEADING--TOPICAL TERM
- Topical term or geographic name entry element: HYDRAULIC FLUID MECHANICS
670 ## - SOURCE DATA FOUND
- Source citation: Work cat.: (NUST): Giles, Ronald V , Lill, Cheng , Evett, J. B 62831, Theory and problems of fluid mechanics and hydraulics, 1993
